000 00913nam a2200217Ia 4500
003 GCL
008 140319s9999 xx 000 0 ara d
040 _aGCL /
_cGCL
082 0 4 _aق
_b808.51
_bم م
100 1 _aجمال عبدالناصر
245 1 0 _aمجموعة خطب وتصريحات وبيانات الرئيس جمال عبدالناصر القسم الثانى ج1 فبراير 1958 - يناير 1960 ج2 فبراير 1960 - يناير 1962 (هدية من الاديب عبدالفتاح الجمل) /
_cجمال عبدالناصر
700 1 _aمصلحة الاستعلامات
260 _aالقاهرة :
_bمصلحة الاستعلامات
300 _a722 ص ؛
_c30سم
650 0 4 _aمصر
650 0 4 _aالعلاقات الخارجية
650 0 4 _aخطب وتصريحات
650 0 4 _aالخطب السياسية
650 0 4 _aجمال عبدالناصر
942 _2ddc
_cBK
999 _c38753
_d38753